000 00695nam a2200289Ia 4500
005 20260324120105.0
008 008 260324s9999 xx 000 0 eng d
020 _a9780429156182
037 _aEBOOK
040 _aCRL
040 _beng
040 _cCRL
041 _2eng
041 _aeng
084 _qCRL
100 _aCindy Croft
_91157195
245 0 _aEnvironmental Hazards and Neurodevelopment
245 0 _bWhere Ecology and Well-Being Connect
260 _bTaylor and Francis
260 _c2015
365 _a
365 _b265
856 _uhttp://www.taylorfrancis.com/books/9780429156182
942 _cEBOOK
999 _c1748523
_d1748523